00453nam a22001577a 450000500170000000800410001702000060005804100130006408200140007710000270009124500460011825000190016426000620018330000250024565000250027020231031131501.0231031b |||||||| |||| 00| 0 eng d a  aEnglish  a346.6 WAG aWagener, CCPlEnglish  aWagener's Chart and Notes / cCCP Wagener aThird Edition  aJohannesburg : bMildenhall Publications (Pty) Ltd,c1987 b69 pages ; c22 cm.  alegal practice bLaw